| 000 | 00684 a2200193 4500 | ||
|---|---|---|---|
| 999 |
_c6956 _d6956 |
||
| 020 | _a0471842699 (alk. paper) | ||
| 050 | 0 | 0 | _aBF637SUE1990 |
| 100 | 1 | _aSue, Derald Wing. | |
| 245 | 1 | 0 |
_aCounseling the culturally different : _btheory and practice / _cDerald Wing Sue, David Sue. |
| 250 | _a2nd ed. | ||
| 264 |
_aNew York: _bJohn Wiley, _c1990 |
||
| 300 | _axii, 324 p. ; | ||
| 500 | _aincludes index | ||
| 504 | _aIncludes bibliographical references (p. 292-316) and index. | ||
| 650 | 0 | _aCross-cultural counseling. | |
| 700 | 1 | _aSue, David. | |
| 942 |
_2lcc _cBK _h637 _iSUE _kBF |
||